00438nam a2200157Ia 4500008004100000020001500041082001500056100001800071245002400089250000800113260004000121300002900161500001900190600002100209650005000230240925s9999 xx 000 0 und d a8176560189 a004.68 HOD aHadson, Peter 0aLocal Area Networks a3rd aNew Delhi:bBPB Publicationc,1998. axvii,988p.bNAfOriginal aIncludes Index aComputer Science aComputer science, information & general works